বাংলার কৃষক / (Record no. 46926)
[ view plain ]
| 000 -LEADER | |
|---|---|
| fixed length control field | 01203nam a2200253 a 4500 |
| 001 - CONTROL NUMBER | |
| control field | 46926 |
| 003 - CONTROL NUMBER IDENTIFIER | |
| rucl marc code | BD-RjUL |
| 005 - DATE AND TIME OF LATEST TRANSACTION | |
| control field | 20211209054230.0 |
| 008 - FIXED-LENGTH DATA ELEMENTS--GENERAL INFORMATION | |
| fixed length control field | 160806s2008 bg ||||e |||| 000 0 ben d |
| 020 ## - INTERNATIONAL STANDARD BOOK NUMBER | |
| International Standard Book Number | 9840747207 |
| Terms of availability | TK.150.00 |
| 035 ## - SYSTEM CONTROL NUMBER | |
| System control number | (BD-RjUL) 47045 |
| 040 ## - CATALOGING SOURCE | |
| Original cataloging agency | BD-RjUL |
| Language of cataloging | ben |
| Transcribing agency | BD-RjUL |
| Modifying agency | BD-RjUL |
| 041 ## - LANGUAGE CODE | |
| Language code of text/sound track or separate title | ben |
| 082 ## - DEWEY DECIMAL CLASSIFICATION NUMBER | |
| Edition number | 23 |
| Author mark and year | DUB 2008 |
| Classification number | 305.563095492 |
| 100 ## - MAIN ENTRY--PERSONAL NAME | |
| Personal name | দত্ত, রমেশচন্দ্র |
| 9 (RLIN) | 120810 |
| 245 10 - TITLE STATEMENT | |
| Title | বাংলার কৃষক / |
| Statement of responsibility, etc. | মূল রমেশচন্দ্র দত্ত, অনুবাদ ফারহানা আক্তার লিসা এবং সাদাত উল্লাহ খান |
| 260 ## - PUBLICATION, DISTRIBUTION, ETC. (IMPRINT) | |
| Place of publication, distribution, etc. | ঢাকা : |
| Name of publisher, distributor, etc. | বাংলা একাডেমী, |
| Date of publication, distribution, etc. | ২০০৮ |
| 300 ## - PHYSICAL DESCRIPTION | |
| Pagination | [এগার], ১৬৮ পৃ. ; |
| Size | ২২ সেমি. |
| 650 ## - SUBJECT ADDED ENTRY--TOPICAL TERM | |
| Topical term or geographic name as entry element | কৃষি ও মধবিত্তশ্রেণি |
| 9 (RLIN) | 120824 |
| Geographic subdivision | বাংলাদেশ |
| Topical term or geographic name as entry element | Agricultural Lower Classes |
| 9 (RLIN) | 120825 |
| Geographic subdivision | Bangladesh |
| 700 ## - ADDED ENTRY--PERSONAL NAME | |
| Personal name | লিসা,ফারহানা আক্তার অনুবাদ |
| Personal name | খান, সাদাত উল্লাহ অনুবাদ |
| 942 ## - ADDED ENTRY ELEMENTS (KOHA) | |
| Source of classification or shelving scheme | Dewey Decimal Classification |
| Koha item type | Books |
| Lost status | Source of classification or shelving scheme | Damaged status | Not for loan | Collection code | Permanent Location | Current Location | Shelving location | Date acquired | Source of acquisition | Cost, normal purchase price | Total Checkouts | Full call number | Date last seen | Copy number | Koha item type |
|---|---|---|---|---|---|---|---|---|---|---|---|---|---|---|---|
| Dewey Decimal Classification | Non-fiction | Central Library, University of Rajshahi | Central Library, University of Rajshahi | 09/06/2011 | Bangla Academy, Dhaka. | 150.00 | B 305.563095492 DUB 2008 | 06/08/2016 | C-2 | Books |